000 00542nam a22002177a 4500
003 UA-OsUOA
001 47852
007 ta
008 20070822b un ||||| |||| 00| 0 ukr d
090 _a94
_bЛ44
942 _cBK
040 _aUA-OsUOA
_brus
_cUA-OsUOA
_dUA-OsUOA
245 _aЛенин- мастер пропаганды
300 _a240 с.
955 _a1
041 _arus
080 _a94
260 _aМ.
_bЗнание
_c1971
650 7 _a9 Географія. Біографії. Історія
_2UDC
999 _c333945
_d333945